Forest trails and highways of the Mount Hood region. (Record no. 591207)

000 -LEADER
fixed length control field 00900cam a2200277u 4500
001 - CONTROL NUMBER
control field 8137803
003 - CONTROL NUMBER IDENTIFIER
control field NUST
005 - DATE AND TIME OF LATEST TRANSACTION
control field 20220818115405.0
007 - PHYSICAL DESCRIPTION FIXED FIELD--GENERAL INFORMATION
fixed length control field cr_|||||||||||
008 - FIXED-LENGTH DATA ELEMENTS--GENERAL INFORMATION
fixed length control field 830107s1920 dcu 000 0 eng
010 ## - LIBRARY OF CONGRESS CONTROL NUMBER
LC control number unk82023081
020 ## - INTERNATIONAL STANDARD BOOK NUMBER
International Standard Book Number 9781643890456
038 ## - RECORD CONTENT LICENSOR
Staff Name Azhar
040 ## - CATALOGING SOURCE
Original cataloging agency DLC
Transcribing agency CarP
Modifying agency DLC
050 00 - LIBRARY OF CONGRESS CALL NUMBER
Classification number SD428.M85
Item number A5 1920
082 ## - DEWEY DECIMAL CLASSIFICATION NUMBER
Classification number 630
Author Mark FOR
110 1# - MAIN ENTRY--CORPORATE NAME
Corporate name or jurisdiction name as entry element United States.
Subordinate unit Department of Agriculture.
9 (RLIN) 97967
245 00 - TITLE STATEMENT
Title Forest trails and highways of the Mount Hood region.
Remainder of title the classic 1920 guide to camping and hiking the MT.Hood National forest and wilderness in oregon
250 ## - EDITION STATEMENT
Edition statement Legacy edition
260 ## - PUBLICATION, DISTRIBUTION, ETC.
Place of publication, distribution, etc. USA
Date of publication, distribution, etc. 2019
Name of publisher, distributor, etc. Doublebit press
300 ## - PHYSICAL DESCRIPTION
Extent 32p
Other physical details cm.
530 ## - ADDITIONAL PHYSICAL FORM AVAILABLE NOTE
Additional physical form available note Also available in digital form.
856 41 - ELECTRONIC LOCATION AND ACCESS
Uniform Resource Identifier <a href="http://hdl.loc.gov/loc.gdc/scd0001.00008977860">http://hdl.loc.gov/loc.gdc/scd0001.00008977860</a>
906 ## - LOCAL DATA ELEMENT F, LDF (RLIN)
a 0
b cbc
c premunv
d u
e ncip
f 19
g y-gencatlg
942 ## - ADDED ENTRY ELEMENTS (KOHA)
Source of classification or shelving scheme
Koha item type Lincoln Corner
Holdings
Withdrawn status Lost status Source of classification or shelving scheme Damaged status Not for loan Permanent Location Current Location Shelving location Date acquired Full call number Barcode Date last seen Price effective from Koha item type
          Central Library (CL) Central Library (CL) Lincoln Corner 08/18/2022 630 FOR LC-186 08/18/2022 08/18/2022 Reference
© 2023 Central Library, National University of Sciences and Technology. All Rights Reserved.